Statistics for Lavender Haze lyrics

Click here to take the quiz!

General Stats

  • This quiz has been taken 94 times
  • The average score is 259 of 287

Answer Stats

Lyrics% Correct
a
100%
me
100%
my
100%
The
100%
the
100%
do
98%
haze
98%
I
98%
in
98%
just
98%
lavender
98%
wanna
98%
want
98%
you
98%
You
98%
at
96%
feel
96%
Meet
96%
midnight
96%
say
96%
stay
96%
they
96%
Oh,
94%
oh
94%
on
94%
shit
94%
That
94%
that
94%
your
94%
And
92%
and
92%
go
92%
of
92%
to
92%
yeah)
92%
(yeah,
92%
be
90%
creeping
90%
damn
90%
give
90%
it
90%
people
90%
real,
90%
So
90%
up
90%
what
90%
don't
88%
if
88%
I'm
88%
is
88%
this
88%
1950s
86%
All
86%
much
86%
too
86%
bride
84%
Get
84%
gonna
84%
keep
84%
No
84%
off
84%
Staring
84%
with
84%
chest
82%
desk
82%
even
82%
see
82%
asking
80%
been
80%
damned
80%
deal,
80%
girl
80%
I've
80%
new
80%
one
80%
wife
80%
ceiling
78%
for
78%
kind
78%
love
78%
need
78%
night
78%
only
78%
or
78%
But
76%
ever
76%
find
76%
handle
76%
spiral
76%
under
76%
viral
76%
beautifully
75%
listening
75%
Talk
75%
talk
75%
dizzying
73%
history
73%
into
73%
read
73%
really
73%
scrutiny
71%
They're
71%
bringing
69%
melancholia
67%
aren't
61%

Score Distribution

Percentile by Number Answered

Percent of People with Each Score

Your Score History

You have not taken this quiz